000 00884nam a22002057a 4500
999 _c3701
_d3701
003 OSt
005 20240911101313.0
008 240911b ||||| |||| 00| 0 eng d
020 _a9780194406147
040 _cKH8
082 _a423 OXF
130 _aOxford Student's Dictionary.
245 _aOxford Student's Dictionary :
_bfor intermediate to advanced learners of English.
260 _aUnited Kingdom ;
_bOxford University Press,
_c2021.
300 _aviii, 840, 48 pages :
_billustrations, maps ;
_c22cm.
520 _aLearn the most important words in English, including the words you need to study other subjects and prepare for international exams such as IELTS, TOEFL®, International GCSEs and Cambridge English: B1 Preliminary and B2 First.
650 _aEnglish language Dictionaries
650 _aEnglish language Study and teaching Foreign speakers
942 _2ddc
_cTR